भारतीय समाज बदलते आयामः (Record no. 206836)

MARC details
000 -LEADER
fixed length control field 00795nam a22001817a 4500
005 - DATE AND TIME OF LATEST TRANSACTION
control field 20241029111214.0
010 ## - LCCN (DPL NO)
LC control number HIN-128739
020 ## - INTERNATIONAL STANDARD BOOK NUMBER
Terms of availability 450.00
International Standard Book Number 9788195102426
035 ## - SYSTEM CONTROL NUMBER
System control number HN-101085
037 ## - SOURCE OF ACQUISITION
Source of stock number/acquisition DBAD
082 ## - DEWEY DECIMAL CLASSIFICATION NUMBER
Classification number 301.0954
100 ## - MAIN ENTRY--PERSONAL NAME
Personal name कौशिक, जय नारायण
245 ## - TITLE STATEMENT
Remainder of title फीचर के दर्पण से/
Title भारतीय समाज बदलते आयामः
Statement of responsibility, etc जय नारायण कौशिक
260 ## - PUBLICATION, DISTRIBUTION, ETC. (IMPRINT)
Place of publication, distribution, etc दिल्ली
Name of publisher, distributor, etc जास्मिन पब्लिकेशन
Date of publication, distribution, etc 2021
270 ## - ADDRESS
Address 29/61ए, लेन नं.11, विश्वास नगर
City दिल्ली
Postal code 110032
300 ## - PHYSICAL DESCRIPTION
Extent 160पृ.
Dimensions 22सेंमी.(सजिल्द)
942 ## - ADDED ENTRY ELEMENTS (KOHA)
Source of classification or shelving scheme Dewey Decimal Classification
Item type Hindi Books
Classification part 301.0954
Call number suffix कौशिक
Holdings
Withdrawn status Lost status Not for loan Collection code Home library Current library Date acquired Source of acquisition Cost, normal purchase price Full call number Barcode Copy number Cost, replacement price Koha item type
      Non-fiction Bawana Bawana 29/10/2024 DBAD 450.00 301.0954 कौशिक HN-101085 1 450.00 Hindi Books

© Delhi Public Library
Hit Counter
free hit counter